000
00300nam a2200121Ia 4500
005
20260328101457.0
008
260328s9999||||xx |||||||||||||| ||und||
100
_a
Cardona G., Ramiro
245
0
_a
La Ciudad de la Gente /
_c
Ramiro Cardona G.
260
_b
Ascofame
650
_a
URBANISMO
942
_c
BK
999
_c
8869
_d
8869